00642nam a2200205Ia 4500003000400000005001700004008004100021040001800062041000800080082002100088100002200109245007000131250001200201260005300213300001700266650003600283650004400319650005300363700002000416OSt20251215102812.0210716s1995 xx 000 0 und d cAIMIT LIBRARY aeng a006.37 21bHYMM aHyman, Michael I. aVisual C++ 2 for dummies /cBy Michael I Hyman and Robert Arnson. a1st ed. aNew Delhi :bComdex computer publishing ,c1995. axxiv,472p. ; aVisual C++ in ten easy chapters aEverything you wanted to know about c++ aAnd now for something completely object oriented aArnson, Ribert.